Integrovaná doprava v rámci mestských a medzimestských aglomerácií

Rast požiadaviek na kvalitu systému Integrovanej hromadnej dopravy (IHD). Dekompozícia IHD - telematické prostriedky, telematické riadenie dopravných procesov, telematické pasportné systémy, telematické ekonomické systémy. Identifikácia objektov a prvkov IHD. Základné makrofunkcie inteligentných dop...

Descrizione completa

Salvato in:
Dettagli Bibliografici
Autore principale: Pirník, Rastislav
Altri autori: Zahradník, Jiří, Novák, Daniel
Natura: Capitolo di libro
Lingua:slovacco
Soggetti:
Tags: Aggiungi Tag
Nessun Tag, puoi essere il primo ad aggiungerne!!

MARC

LEADER 00000naa$a2200000$$$4500
001 0046421
005 20230825090535.7
041 0 |a slo 
044 |a SK 
245 1 0 |a Integrovaná doprava v rámci mestských a medzimestských aglomerácií  |c Rastislav Pirník, Jiří Zahradník, Daniel Novák 
520 |a Rast požiadaviek na kvalitu systému Integrovanej hromadnej dopravy (IHD). Dekompozícia IHD - telematické prostriedky, telematické riadenie dopravných procesov, telematické pasportné systémy, telematické ekonomické systémy. Identifikácia objektov a prvkov IHD. Základné makrofunkcie inteligentných dopravných systémov (IDS). Prezentácia na konkrétnom prípade možnosti aplikácie objektovo orientovaných modelov v oblasti IDS. 
610 2 0 |a doprava hromadná 
610 2 0 |a doprava integrovaná 
610 2 0 |a modelovanie 
610 2 0 |a modely 
100 1 |a Pirník, Rastislav 
700 1 |a Zahradník, Jiří 
700 1 |a Novák, Daniel